Đọc thư mục Lê Quý Đôn /
Guardado en:
| Autor principal: | |
|---|---|
| Formato: | Artículo |
| Lenguaje: | Vietnamese |
| Materias: | |
| Etiquetas: |
Agregar Etiqueta
Sin Etiquetas, Sea el primero en etiquetar este registro!
|
| Thư viện lưu trữ: | Thư viện Trường Đại học Đà Lạt |
|---|
| LEADER | 00726nam a2200265 4500 | ||
|---|---|---|---|
| 001 | DLU090068078 | ||
| 005 | ##20090418 | ||
| 040 | # | # | |a DLU |b vie |
| 041 | # | # | |a vie |
| 044 | # | # | |a vn |
| 100 | # | # | |a Phạm Thị Tú. |
| 245 | # | # | |a Đọc thư mục Lê Quý Đôn / |c Phạm thị Tú. |
| 653 | # | # | |a Lê Quý Đôn |
| 653 | # | # | |a Thư mục |
| 653 | # | # | |a Văn học trung đại |
| 773 | # | # | |t Tạp chí văn học |g Số1, 1978, tr. 147-149 |
| 920 | # | # | |a Phòng Tạp chí -- Trung tâm Thông tin - Thư viện Trường Đại học Đà Lạt |
| 994 | # | # | |a DLU |
| 900 | # | # | |a True |
| 911 | # | # | |a Nguyễn Thị Linh Chi |
| 925 | # | # | |a G |
| 926 | # | # | |a A |
| 927 | # | # | |a BB |
| 980 | # | # | |a Thư viện Trường Đại học Đà Lạt |